Online
Catalog

¡50 aniversario de la guerra de abril de 1965! / (Record no. 47542)

MARC details
000 -CABECERA
campo de control de longitud fija 00559nam a2200169 a 4500
001 - NÚMERO DE CONTROL
campo de control 000048054
005 - FECHA Y HORA DE LA ÚLTIMA TRANSACCIÓN
campo de control 20201002060906.0
008 - DATOS DE LONGITUD FIJA--INFORMACIÓN GENERAL
campo de control de longitud fija 181109s2004 dr ac 000 0 spa d
040 ## - FUENTE DE LA CATALOGACIÓN
Centro catalogador/agencia de origen DO-SdBNP
Lengua de catalogación spa
Centro/agencia transcriptor BNPHU
100 1# - ENTRADA PRINCIPAL--NOMBRE DE PERSONA
Nombre de persona León, Ángel María de,
Fechas asociadas al nombre 1947-
9 (RLIN) 75560
245 10 - MENCIÓN DE TÍTULO
Título ¡50 aniversario de la guerra de abril de 1965! /
Mención de responsabilidad, etc. Ángel María De León.
260 ## - PUBLICACIÓN, DISTRIBUCIÓN, ETC.
Lugar de publicación, distribución, etc. [s.l. :
Nombre del editor, distribuidor, etc. [s.n.,
Fecha de publicación, distribución, etc. [s.f.].
300 ## - DESCRIPCIÓN FÍSICA
Extensión 77 p. :
Otras características físicas il., retrs. ;
Dimensiones 21 cm.
500 ## - NOTA GENERAL
Nota general Incluye datos biográficos del autor
504 ## - NOTA DE BIBLIOGRAFÍA, ETC.
Nota de bibliografía, etc. Bibliografía : p. 77
590 ## - NOTA LOCAL (RLIN)
Nota local Inventariado, 2018/LP
Holdings
Estado de retiro Estado de pérdida No para préstamo Código de colección Localización permanente Ubicación/localización actual Ubicación en estantería Fecha de adquisición Número de inventario Total de préstamos Signatura topográfica completa Código de barras Fecha visto por última vez Precio válido a partir de Tipo de ítem Koha
    Excluido de préstamo Patrimonio Dominicano Patrimonio Dominicano Patrimonio Dominicano Depósito 09.11.2018 LF1   48054-10 25.06.2020 25.06.2020 Libro y Folleto Colección Patrimonio Dominicano

Powered by Koha